000
00308nam a2200121Ia 4500
008
190902s9999||||xx |||||||||||||| ||und||
020
_a
245-59319-5
100
_a
Nazir hussain shaheen
245
0
_a
Introduction to company Law
260
_a
Karachi
_b
Petiwala Book Depot
_c
2012
300
_a
391
942
_c
BK
999
_c
2800
_d
2800